000 00537nam a2200217Ia 4500
003 OSt
005 20221006145745.0
006 a|||||r|||| 00| 0
007 ta
008 221006b |||||||| |||| 00| 0 eng d
024 _a15,854
037 _cTextual
040 _aEASL
_cEASL
_beng
041 _2eng
_aeng
082 _aV41.N5, J8
245 0 _aOutline history of China
260 _aPeking
_bForeing Languages
_c1958
300 _a497p.
_ccm.
942 _hV41.N5, J8
_cTEXL
_2CC
999 _c1083940
_d1083940